<?xml version="1.0" encoding="UTF-8"?>
<record
    xmlns:xsi="http://www.w3.org/2001/XMLSchema-instance"
    xsi:schemaLocation="http://www.loc.gov/MARC21/slim http://www.loc.gov/standards/marcxml/schema/MARC21slim.xsd"
    xmlns="http://www.loc.gov/MARC21/slim">

  <leader>00762nam a22001337a 4500</leader>
  <datafield tag="040" ind1=" " ind2=" ">
    <subfield code="c">RUA</subfield>
  </datafield>
  <datafield tag="082" ind1=" " ind2=" ">
    <subfield code="a">LMA PHO 2017 B640 Or.1</subfield>
  </datafield>
  <datafield tag="100" ind1=" " ind2=" ">
    <subfield code="a">PHOK CHEASONIN &#x1797;&#x17C4;&#x1782;&#x200B; &#x1787;&#x17B6;&#x179F;&#x17BB;&#x1793;&#x17B7;&#x1793;</subfield>
  </datafield>
  <datafield tag="245" ind1=" " ind2=" ">
    <subfield code="a">study on establishing map of land valuatoin in chrouy chongvar commune chrouy chongvar district phnom penh &#x179F;&#x17B7;&#x1780;&#x17D2;&#x179F;&#x17B6;&#x1796;&#x17B8;&#x1780;&#x17B6;&#x179A;&#x1780;&#x179F;&#x17B6;&#x1784;&#x1795;&#x17C2;&#x1793;&#x1791;&#x17B8;&#x179C;&#x17B6;&#x1799;&#x178F;&#x1798;&#x17D2;&#x179B;&#x17C3;&#x178A;&#x17B8;&#x1792;&#x17D2;&#x179B;&#x17B8; &#x1793;&#x17C5;&#x1780;&#x17D2;&#x1793;&#x17BB;&#x1784;&#x179F;&#x1784;&#x17D2;&#x1780;&#x17B6;&#x178F;&#x17CB;&#x1787;&#x17D2;&#x179A;&#x17C4;&#x1799;&#x1785;&#x1784;&#x17D2;&#x179C;&#x17B6;&#x179A; &#x1781;&#x178E;&#x17D2;&#x178C;&#x1787;&#x17D2;&#x179A;&#x17C4;&#x1799;&#x1785;&#x1784;&#x17D2;&#x179C;&#x17B6;&#x179A; &#x179A;&#x17B6;&#x1787;&#x1792;&#x17B6;&#x1793;&#x17B8;&#x1797;&#x17D2;&#x1793;&#x17C6;&#x1796;&#x17C1;&#x1789;</subfield>
  </datafield>
  <datafield tag="260" ind1=" " ind2=" ">
    <subfield code="a">RUA</subfield>
    <subfield code="b">phnom penh</subfield>
    <subfield code="c">2017</subfield>
  </datafield>
  <datafield tag="300" ind1=" " ind2=" ">
    <subfield code="a">x;39p</subfield>
    <subfield code="b">ill;</subfield>
    <subfield code="c">29cm</subfield>
  </datafield>
  <datafield tag="856" ind1=" " ind2=" ">
    <subfield code="u">https://drive.google.com/file/d/1fuaYKGdFQi-8ENn-FYWQHF2O_gjRNk_l/view?usp=sharing</subfield>
  </datafield>
  <datafield tag="942" ind1=" " ind2=" ">
    <subfield code="c">LMA</subfield>
  </datafield>
  <datafield tag="999" ind1=" " ind2=" ">
    <subfield code="c">18134</subfield>
    <subfield code="d">18134</subfield>
  </datafield>
  <datafield tag="952" ind1=" " ind2=" ">
    <subfield code="0">0</subfield>
    <subfield code="1">0</subfield>
    <subfield code="2">ddc</subfield>
    <subfield code="4">0</subfield>
    <subfield code="6">LMA_PHO_2017_000000000000000_B640_OR_1</subfield>
    <subfield code="7">0</subfield>
    <subfield code="9">80917</subfield>
    <subfield code="a">LBB</subfield>
    <subfield code="b">LBB</subfield>
    <subfield code="c">B640</subfield>
    <subfield code="d">2019-08-06</subfield>
    <subfield code="o">LMA PHO 2017 B640 Or.1</subfield>
    <subfield code="p">A44769</subfield>
    <subfield code="r">2019-08-06</subfield>
    <subfield code="w">2019-08-06</subfield>
    <subfield code="y">LMA</subfield>
  </datafield>
  <datafield tag="952" ind1=" " ind2=" ">
    <subfield code="0">0</subfield>
    <subfield code="1">0</subfield>
    <subfield code="2">ddc</subfield>
    <subfield code="4">0</subfield>
    <subfield code="6">LMA_PHO_2017_000000000000000_B640_OR_2</subfield>
    <subfield code="7">0</subfield>
    <subfield code="9">80918</subfield>
    <subfield code="a">LBB</subfield>
    <subfield code="b">LBB</subfield>
    <subfield code="c">B640</subfield>
    <subfield code="d">2019-08-06</subfield>
    <subfield code="o">LMA PHO 2017 B640 Or.2</subfield>
    <subfield code="p">A45149</subfield>
    <subfield code="r">2019-08-06</subfield>
    <subfield code="w">2019-08-06</subfield>
    <subfield code="y">LMA</subfield>
  </datafield>
  <datafield tag="952" ind1=" " ind2=" ">
    <subfield code="0">0</subfield>
    <subfield code="1">0</subfield>
    <subfield code="2">ddc</subfield>
    <subfield code="4">0</subfield>
    <subfield code="6">LMA_PHO_2017_000000000000000_B640_OR_4</subfield>
    <subfield code="7">0</subfield>
    <subfield code="9">80919</subfield>
    <subfield code="a">LBB</subfield>
    <subfield code="b">LBB</subfield>
    <subfield code="c">B640</subfield>
    <subfield code="d">2019-08-06</subfield>
    <subfield code="o">LMA PHO 2017 B640 Or.4</subfield>
    <subfield code="p">A45074</subfield>
    <subfield code="r">2019-08-06</subfield>
    <subfield code="w">2019-08-06</subfield>
    <subfield code="y">LMA</subfield>
  </datafield>
  <datafield tag="952" ind1=" " ind2=" ">
    <subfield code="0">0</subfield>
    <subfield code="1">0</subfield>
    <subfield code="2">ddc</subfield>
    <subfield code="4">0</subfield>
    <subfield code="6">LMA_PHO_2017_000000000000000_B640_OR_5</subfield>
    <subfield code="7">0</subfield>
    <subfield code="9">80920</subfield>
    <subfield code="a">LBB</subfield>
    <subfield code="b">LBB</subfield>
    <subfield code="c">B640</subfield>
    <subfield code="d">2019-08-06</subfield>
    <subfield code="l">2</subfield>
    <subfield code="o">LMA PHO 2017 B640 Or.5</subfield>
    <subfield code="p">A44999</subfield>
    <subfield code="r">2022-07-22</subfield>
    <subfield code="s">2022-07-06</subfield>
    <subfield code="w">2019-08-06</subfield>
    <subfield code="y">LMA</subfield>
  </datafield>
  <datafield tag="952" ind1=" " ind2=" ">
    <subfield code="0">0</subfield>
    <subfield code="1">0</subfield>
    <subfield code="2">ddc</subfield>
    <subfield code="4">0</subfield>
    <subfield code="6">LMA_PHO_2017_000000000000000_B640_OR_5</subfield>
    <subfield code="7">0</subfield>
    <subfield code="9">80921</subfield>
    <subfield code="a">LBB</subfield>
    <subfield code="b">LBB</subfield>
    <subfield code="c">B640</subfield>
    <subfield code="d">2019-08-06</subfield>
    <subfield code="o">LMA PHO 2017 B640 Or.5</subfield>
    <subfield code="p">A44308</subfield>
    <subfield code="r">2019-08-06</subfield>
    <subfield code="w">2019-08-06</subfield>
    <subfield code="y">LMA</subfield>
  </datafield>
  <datafield tag="952" ind1=" " ind2=" ">
    <subfield code="0">0</subfield>
    <subfield code="1">0</subfield>
    <subfield code="2">ddc</subfield>
    <subfield code="4">0</subfield>
    <subfield code="6">LMA_PHO_2017_000000000000000_B640_OR_6</subfield>
    <subfield code="7">0</subfield>
    <subfield code="9">80922</subfield>
    <subfield code="a">LBB</subfield>
    <subfield code="b">LBB</subfield>
    <subfield code="c">B640</subfield>
    <subfield code="d">2019-08-06</subfield>
    <subfield code="l">5</subfield>
    <subfield code="m">1</subfield>
    <subfield code="o">LMA PHO 2017 B640 Or.6</subfield>
    <subfield code="p">A44994</subfield>
    <subfield code="r">2025-08-18</subfield>
    <subfield code="s">2025-07-07</subfield>
    <subfield code="w">2019-08-06</subfield>
    <subfield code="y">LMA</subfield>
  </datafield>
</record>
